The National voter

Bibliographic Details
Corporate Author: League of Women Voters (U.S.)
Format: Unknown
Language:English
Published: Washington : League of Women Voters of the United States
Subjects:
Online Access:Acceso restringido

MARC

LEADER 00000ny a22000003n 4500
005 20110511142059.0
008 750907c19uu9999us br p 0 a0eng c
022 0 |a 0028-0372 
035 |a 3049 
040 |a MnMULS  |c MnMULS  |d vLex 
090 |c 1695  |d 1695 
245 3 4 |a The National voter  |h [Recurso electrn̤ico] 
256 |a Servicio en ln̕ea 
260 |a Washington :  |b League of Women Voters of the United States 
310 |a Bimestral 
506 1 |a Contenido solo disponible en los productos indicados  |d vLex Global  |d vLex Global (Academic Edition, excluding Law Schools)  |d vLex Global (Academic Edition, Law Schools) 
651 4 |a Estados Unidos  |x Polt̕ica y gobierno  |x Publicaciones perid̤icas 
651 4 |a Estados Unidos  |x Relaciones exteriores  |x Publicaciones perid̤icas 
710 2 |a League of Women Voters (U.S.) 
740 0 |a vLex Revista (Servicios en ln̕ea) 
843 |a Electrn̤ica. Abierta 
853 |8 1  |i (year)  |j (month)  |k (day) 
856 4 0 |z Acceso restringido  |u http://vlex.com/account/login_ip?fuente_id=3049  
942 |c REV 
999 0 |a United States  |y 1945-1989  |v Periodicals. 
999 0 |a United States  |y 1945-1989  |v Periodicals.